| 000 | 00578nam a2200205Ia 4500 | ||
|---|---|---|---|
| 999 |
_c7031 _d7031 |
||
| 001 | 3331780 | ||
| 003 | OCoLC | ||
| 005 | 20190122153906.0 | ||
| 008 | 771011s1957 tnu 000 0 eng | ||
| 010 | _a57012144 | ||
| 040 |
_aDLC _cNXW _dBSC |
||
| 082 |
_a224.6 _bW582S |
||
| 092 |
_a224.6 _bW581s |
||
| 100 | 1 |
_aWhite, Kenneth Owen, _d1902- |
|
| 245 | 1 | 0 |
_aStudies in Hosea ; _bGod's incomparable love / _cK. Owen White. |
| 260 |
_aNashville : _bConvention Press, _cc1957. |
||
| 300 |
_a142 p. ; _c19 cm. |
||
| 630 | 0 | 0 |
_aBible. _pO. T. _pHosea _xStudy and teaching. |
| 942 |
_2ddc _cBK |
||